| 000 | 01525cam a2200349 a 4500 | ||
|---|---|---|---|
| 001 | 3576078 | ||
| 003 | ARRUPE | ||
| 005 | 20150123135400.0 | ||
| 008 | 990409s1999 caua b 001 0 eng | ||
| 010 | _a 99028716 | ||
| 020 | _a0804733228 (cloth : alk. paper) | ||
| 020 | _a0804736103 (pbk. : alk. paper) | ||
| 040 |
_aDLC _cDLC _dDLC |
||
| 042 | _apcc | ||
| 050 | 0 | 0 |
_aB829.5 _b.N38 1999 |
| 082 | 0 | 0 |
_a142/.7 _221 |
| 245 | 0 | 0 |
_aNaturalizing phenomenology : _bissues in contemporary phenomenology and cognitive science / _cedited by Jean Petitot ... [et al.]. |
| 260 |
_aStanford, Calif. : _bStanford University Press, _cc1999. |
||
| 300 |
_axxi, 641 p. : _bill. ; _c24 cm. |
||
| 440 | 0 |
_aWriting science _914562 |
|
| 504 | _aIncludes bibliographical references (p. 597-629) and indexes. | ||
| 650 | 0 |
_aPhenomenology. _914563 |
|
| 650 | 0 |
_aCognitive science. _92345 |
|
| 700 | 1 |
_aPetitot, Jean _d1944- _914564 |
|
| 856 | 4 | 2 |
_3Publisher description _uhttp://www.loc.gov/catdir/description/cam0210/99028716.html |
| 856 | 4 | 1 |
_3Table of contents _uhttp://www.loc.gov/catdir/toc/cam028/99028716.html |
| 856 | 4 | 2 |
_3Contributor biographical information _uhttp://www.loc.gov/catdir/enhancements/fy0710/99028716-b.html |
| 906 |
_a7 _bcbc _corignew _d1 _eocip _f19 _gy-gencatlg |
||
| 942 |
_2lcc _cMONOGRAPH |
||
| 999 |
_c121875 _d121875 |
||